[Event "Douglas Major & Minor op"]
[Site "Douglas"]
[Date "2023.10.31"]
[Round "4"]
[White "Ireland, David J"]
[Black "Coote, Trevor D"]
[Result "0-1"]
[WhiteElo "1897"]
[BlackElo "2001"]
[PlyCount "58"]
[EventDate "2023.10.28"]
[EventType "swiss"]
[EventRounds "7"]
[EventCountry "IOM"]
[SourceTitle "CB46_2023"]
[SourceDate "2023.11.15"]
[SourceVersion "1"]
[SourceVersionDate "2023.11.15"]
[SourceQuality "1"]

1. c4 e5 2. Nc3 f5 3. d4 e4 4. g3 c6 5. Bg2 Nf6 6. Bg5 h6 7. Bxf6 Qxf6 8. e3 Qf7 9. Qb3 Na6 10. Nge2 g5 11. 0-0 g4 12. h4 d6 13. Nf4 Nc7 14. d5 Bg7 15. dxc6 bxc6 16. Nxe4 fxe4 17. Bxe4 0-0 18. Bxc6 Ba6 19. Nd5 Rab8 20. Nxc7 Qxc7 21. Bd5+ Kh8 22. Qd3 Be5 23. Rab1 Qg7 24. b4 Bb7 25. a4 Bxd5 26. Qxd5 Rf3 27. c5 Qf6 28. Kg2 Rf8 29. cxd6 Bxg3 0-1

[Event "Hastings Masters op"]
[Site "Hastings"]
[Date "2022.12.29"]
[Round "2"]
[White "Wilson, Matthew R"]
[Black "Coote, Trevor D"]
[Result "1-0"]
[WhiteElo "1722"]
[BlackElo "2047"]
[PlyCount "72"]
[EventDate "2022.12.28"]
[EventType "swiss"]
[EventRounds "10"]
[EventCountry "ENG"]
[SourceTitle "CBM 212 Extra"]
[Source "ChessBase"]
[SourceDate "2023.03.31"]
[SourceVersion "1"]
[SourceVersionDate "2023.03.31"]
[SourceQuality "1"]

1. e4 g6 2. Nc3 Bg7 3. f4 c6 4. Bc4 e6 5. Nf3 d5 6. Bb3 b5 7. e5 Nh6 8. d4 0-0 9. 0-0 Nd7 10. Ne2 Ba6 11. c3 Rb8 12. a3 c5 13. Bc2 b4 14. axb4 Bxe2 15. Qxe2 cxb4 16. Rxa7 Qc8 17. Bd2 b3 18. Bd3 Nb6 19. Rfa1 Rb7 20. Bc1 Nf5 21. g4 Ne7 22. Nd2 Rxa7 23. Rxa7 Nc6 24. Ra1 f6 25. Nxb3 fxe5 26. fxe5 Nd7 27. Bb5 Kh8 28. Bxc6 Qxc6 29. Ra6 Qb7 30. Na5 Qc7 31. Nc6 Nb6 32. Nb4 Qb7 33. Bg5 h6 34. Bh4 Rf4 35. Bg3 Rf8 36. Qb5 Qf7 1-0

[Event "Hastings Masters op"]
[Site "Hastings"]
[Date "2022.12.28"]
[Round "1"]
[White "Coote, Trevor D"]
[Black "Korneev, Oleg"]
[Result "0-1"]
[WhiteElo "2047"]
[BlackElo "2481"]
[PlyCount "68"]
[EventDate "2022.12.28"]
[EventType "swiss"]
[EventRounds "10"]
[EventCountry "ENG"]
[SourceTitle "CBM 212 Extra"]
[Source "ChessBase"]
[SourceDate "2023.03.31"]
[SourceVersion "1"]
[SourceVersionDate "2023.03.31"]
[SourceQuality "1"]

1. Nf3 d5 2. g3 Nf6 3. Bg2 Bf5 4. d3 e6 5. 0-0 Be7 6. Nbd2 h6 7. b3 0-0 8. Bb2 Bh7 9. Ne5 Nfd7 10. e4 Nxe5 11. Bxe5 Nd7 12. Bb2 c6 13. Qe2 a5 14. a4 Bf6 15. e5 Be7 16. Bh3 b5 17. f4 bxa4 18. Rxa4 Nc5 19. Ra2 a4 20. b4 Na6 21. c3 d4 22. f5 dxc3 23. Bxc3 Nxb4 24. Bxb4 Bxb4 25. Nc4 Qd4+ 26. Kh1 Bxf5 27. Bxf5 exf5 28. Rxf5 Qd5+ 29. Qf3 a3 30. Qxd5 cxd5 31. Nb6 Ra5 32. Rf4 Be7 33. d4 Rd8 34. Rf3 Ra6 0-1

[Event "London Classic op 11th"]
[Site "London"]
[Date "2019.11.30"]
[Round "2"]
[White "Risting, Eivind Olav"]
[Black "Coote, Trevor D"]
[Result "1-0"]
[WhiteElo "2298"]
[BlackElo "2075"]
[PlyCount "50"]
[EventDate "2019.11.29"]
[EventType "swiss"]
[EventRounds "9"]
[EventCountry "ENG"]
[SourceTitle "CBM 193 Extra"]
[Source "ChessBase"]
[SourceDate "2020.01.31"]
[SourceVersion "1"]
[SourceVersionDate "2020.01.31"]
[SourceQuality "1"]

1. d4 e6 2. c4 Bb4+ 3. Nc3 d5 4. Nf3 Nf6 5. Qa4+ Nc6 6. e3 Bd7 7. Qc2 Qe7 8. Bd2 0-0 9. a3 Bxc3 10. Bxc3 Ne4 11. Bd3 f5 12. b4 Nxc3 13. Qxc3 Rac8 14. 0-0 Rf6 15. b5 Nd8 16. Qa5 b6 17. Qxa7 Rh6 18. c5 Nf7 19. cxb6 cxb6 20. Rfc1 Rd8 21. Rc7 Qd6 22. Rac1 f4 23. Ne5 fxe3 24. Rxd7 exf2+ 25. Kf1 Rxd7 1-0

[Event "London Classic op 11th"]
[Site "London"]
[Date "2019.11.29"]
[Round "1"]
[White "Coote, Trevor D"]
[Black "Singha, Swati"]
[Result "1-0"]
[WhiteElo "2075"]
[BlackElo "1419"]
[PlyCount "107"]
[EventDate "2019.11.29"]
[EventType "swiss"]
[EventRounds "9"]
[EventCountry "ENG"]
[SourceTitle "CBM 193 Extra"]
[Source "ChessBase"]
[SourceDate "2020.01.31"]
[SourceVersion "1"]
[SourceVersionDate "2020.01.31"]
[SourceQuality "1"]

1. d4 Nf6 2. Nc3 d5 3. e4 dxe4 4. f3 exf3 5. Nxf3 a6 6. Bc4 Bg4 7. Bxf7+ Kxf7 8. Ne5+ Ke8 9. Nxg4 e6 10. Bg5 Be7 11. Nxf6+ gxf6 12. Bh4 Kd7 13. Qe2 Qg8 14. 0-0-0 Kc8 15. Rhe1 Nc6 16. Qxe6+ Qxe6 17. Rxe6 Rf8 18. Nd5 Kd7 19. Rde1 Rae8 20. Bxf6 Bxf6 21. Nxf6+ Rxf6 22. Rxe8 Nxd4 23. R8e7+ Kc6 24. c3 Nf5 25. R7e6+ Rxe6 26. Rxe6+ Kd5 27. Re2 h5 28. Kd2 c5 29. b3 b5 30. Re8 Nh4 31. Rh8 Nxg2 32. Rxh5+ Kc6 33. Rh6+ Kb7 34. h4 a5 35. h5 c4 36. bxc4 bxc4 37. Rh7+ Kc6 38. Rf7 Nh4 39. h6 Kd5 40. h7 Ng6 41. Rg7 Nh8 42. Rg8 Nf7 43. h8Q Nxh8 44. Rxh8 Kc6 45. a4 Kb6 46. Rc8 Ka6 47. Rxc4 Kb6 48. Kd3 Ka6 49. Kd4 Kb6 50. Kd5 Ka6 51. Kc6 Ka7 52. Kc7 Ka6 53. Rc6+ Ka7 54. c4 1-0

[Event "London Classic op 10th"]
[Site "London"]
[Date "2018.12.15"]
[Round "7"]
[White "Coote, Trevor D"]
[Black "Wells, Peter K"]
[Result "0-1"]
[WhiteElo "2057"]
[BlackElo "2412"]
[PlyCount "76"]
[EventDate "2018.12.09"]
[EventType "swiss"]
[EventRounds "9"]
[EventCountry "ENG"]
[SourceTitle "CBM 187 Extra"]
[Source "ChessBase"]
[SourceDate "2018.11.04"]
[SourceVersion "1"]
[SourceVersionDate "2018.11.04"]
[SourceQuality "1"]

1. Nf3 d5 2. e3 Nf6 3. b3 Bg4 4. h3 Bxf3 5. Qxf3 e5 6. Bb2 Bd6 7. d3 Qe7 8. a3 Nbd7 9. Nd2 c6 10. c4 0-0 11. e4 b5 12. Be2 bxc4 13. dxc4 d4 14. b4 Rab8 15. 0-0 a5 16. b5 a4 17. Rab1 Nc5 18. g4 Bc7 19. g5 Ne8 20. Qg4 Nd6 21. f4 Ndxe4 22. Nf3 f5 23. Qg2 cxb5 24. cxb5 d3 25. Bxe5 dxe2 26. Qxe2 Rfc8 27. Rfc1 Ne6 28. Bxc7 Rxc7 29. Rxc7 Qxc7 30. g6 Qxf4 31. gxh7+ Kxh7 32. b6 N6g5 33. Nxg5+ Qxg5+ 34. Qg2 Qe3+ 35. Kh1 Rxb6 36. Rg1 Nf2+ 37. Kh2 Ng4+ 38. hxg4 Rh6+ 0-1

[Event "Hastings Masters op 93rd"]
[Site "Hastings"]
[Date "2018.01.02"]
[Round "6"]
[White "Lochte, Szilvia"]
[Black "Coote, Trevor D"]
[Result "1-0"]
[WhiteElo "1850"]
[BlackElo "2104"]
[PlyCount "68"]
[EventDate "2017.12.28"]
[EventType "swiss"]
[EventRounds "9"]
[EventCountry "ENG"]
[SourceTitle "CBM 182 Extra"]
[Source "ChessBase"]
[SourceDate "2018.02.23"]
[SourceVersion "1"]
[SourceVersionDate "2018.02.23"]
[SourceQuality "1"]

1. d4 c5 2. d5 Nf6 3. Nc3 d6 4. e4 g6 5. Nf3 Bg7 6. Be2 0-0 7. 0-0 Nbd7 8. h3 a6 9. a4 Rb8 10. a5 Qc7 11. Nd2 b5 12. axb6 Nxb6 13. Nc4 Nxc4 14. Bxc4 Nd7 15. Ra3 a5 16. Qe1 Ne5 17. Nb5 Qb6 18. Be2 Ba6 19. Rxa5 f5 20. exf5 Rxf5 21. Bd2 Rbf8 22. Nxd6 Qxd6 23. Bxa6 Qxd5 24. Be3 Qc6 25. Bxc5 Nf3+ 26. gxf3 Rg5+ 27. Kh2 Qxf3 28. Rg1 Be5+ 29. Rg3 Bxg3+ 30. fxg3 Rgf5 31. Bc4+ Kg7 32. Qxe7+ Kh6 33. Be3+ g5 34. Ra6+ R5f6 1-0

[Event "Hastings Masters op 93rd"]
[Site "Hastings"]
[Date "2017.12.30"]
[Round "3"]
[White "Coote, Trevor D"]
[Black "Oyama, Akito"]
[Result "0-1"]
[WhiteElo "2104"]
[BlackElo "2185"]
[PlyCount "74"]
[EventDate "2017.12.28"]
[EventType "swiss"]
[EventRounds "9"]
[EventCountry "ENG"]
[SourceTitle "CBM 182 Extra"]
[Source "ChessBase"]
[SourceDate "2018.02.23"]
[SourceVersion "1"]
[SourceVersionDate "2018.02.23"]
[SourceQuality "1"]

1. d4 Nf6 2. Nf3 e6 3. c4 b6 4. g3 Bb7 5. Bg2 Be7 6. 0-0 0-0 7. Nc3 Ne4 8. Nxe4 Bxe4 9. Nd2 Bxg2 10. Kxg2 d5 11. Qb3 Nc6 12. e3 Na5 13. Qc3 c5 14. dxc5 dxc4 15. cxb6 axb6 16. e4 b5 17. a3 Nc6 18. Nf3 Bf6 19. Qc2 Nb4 20. Qd2 Nd3 21. Rb1 Qc7 22. Qe2 Rfd8 23. Bg5 Bxg5 24. Nxg5 h6 25. Nf3 Rd7 26. Rfd1 Rad8 27. Ne1 Qe5 28. f4 Nxe1+ 29. Qxe1 Rxd1 30. Rxd1 Qxb2+ 31. Kh3 Rxd1 32. Qxd1 c3 33. Qd8+ Kh7 34. e5 Qd2 35. Qa8 c2 36. Qe4+ g6 37. Qb7 Kg7 0-1

[Event "Hastings Masters op 93rd"]
[Site "Hastings"]
[Date "2017.12.28"]
[Round "1"]
[White "Coote, Trevor D"]
[Black "Pitschka, Claus"]
[Result "1/2-1/2"]
[WhiteElo "2104"]
[BlackElo "2249"]
[PlyCount "29"]
[EventDate "2017.12.28"]
[EventType "swiss"]
[EventRounds "9"]
[EventCountry "ENG"]
[SourceTitle "CBM 182 Extra"]
[Source "ChessBase"]
[SourceDate "2018.02.23"]
[SourceVersion "1"]
[SourceVersionDate "2018.02.23"]
[SourceQuality "1"]

1. e4 Nf6 2. e5 Nd5 3. d4 Nb6 4. c4 d6 5. exd6 cxd6 6. Nc3 g6 7. Be3 Bg7 8. Qd2 Nc6 9. h3 d5 10. cxd5 Nxd5 11. Nf3 0-0 12. Rc1 e5 13. Nxd5 Qxd5 14. Bc4 Qd8 15. d5 1/2-1/2

[Event "London Classic op 8th"]
[Site "London"]
[Date "2016.12.10"]
[Round "3"]
[White "Coote, Trevor D"]
[Black "Thode, Gilda"]
[Result "1/2-1/2"]
[WhiteElo "2132"]
[BlackElo "1943"]
[PlyCount "80"]
[EventDate "2016.12.09"]
[EventType "swiss"]
[EventRounds "9"]
[EventCountry "ENG"]
[SourceTitle "CBM 176 Extra"]
[Source "ChessBase"]
[SourceDate "2017.03.02"]
[SourceVersion "1"]
[SourceVersionDate "2017.03.02"]
[SourceQuality "1"]

1. d4 e6 2. Nf3 Be7 3. g3 b6 4. Bg2 Bb7 5. 0-0 Nf6 6. Nbd2 c5 7. c3 0-0 8. Re1 d6 9. e4 Nbd7 10. h3 cxd4 11. cxd4 Rc8 12. Re3 Qc7 13. Ne1 Rfd8 14. b3 d5 15. e5 Ne8 16. Bb2 b5 17. Bf1 Qb6 18. Bd3 g6 19. a3 a5 20. Ng2 Ba6 21. h4 Ng7 22. g4 b4 23. a4 Bxd3 24. Rxd3 f6 25. Nf3 fxe5 26. Nxe5 Nxe5 27. dxe5 Bc5 28. Ne3 Rf8 29. Qe2 Qd8 30. g5 Bxe3 31. Rxe3 Rf4 32. Rh3 Nf5 33. Rc1 Rxc1+ 34. Bxc1 Rxh4 35. Rxh4 Nxh4 36. Qa6 Nf3+ 37. Kf1 Qd7 38. Qxa5 Nxe5 39. Qa8+ Kf7 40. Qh8 Qd6 1/2-1/2

[Event "London Classic op 8th"]
[Site "London"]
[Date "2016.12.09"]
[Round "1"]
[White "Fressinet, Laurent"]
[Black "Coote, Trevor D"]
[Result "1-0"]
[WhiteElo "2672"]
[BlackElo "2132"]
[PlyCount "53"]
[EventDate "2016.12.09"]
[EventType "swiss"]
[EventRounds "9"]
[EventCountry "ENG"]
[SourceTitle "CBM 176 Extra"]
[Source "ChessBase"]
[SourceDate "2017.03.02"]
[SourceVersion "1"]
[SourceVersionDate "2017.03.02"]
[SourceQuality "1"]

1. e4 e6 2. d4 d5 3. Nd2 dxe4 4. Nxe4 Nf6 5. Nxf6+ Qxf6 6. Nf3 h6 7. Bd3 c5 8. Be3 Nc6 9. 0-0 cxd4 10. Nxd4 Bd7 11. Nb5 0-0-0 12. a4 Kb8 13. Be4 Be8 14. Qg4 a6 15. Qg3+ e5 16. Bb6 axb5 17. Bxc6 Bxc6 18. Bxd8 Qxd8 19. axb5 Be8 20. Qxe5+ Bd6 21. Rfd1 Bxe5 22. Rxd8+ Kc7 23. Raa8 Bxb2 24. Rxe8 Rxe8 25. Rxe8 f5 26. Kf1 Kb6 27. Re7 1-0

[Event "Southend op"]
[Site "London"]
[Date "2002.04.01"]
[Round "7"]
[White "Coote, Trevor D"]
[Black "Broomfield, Lucy J"]
[Result "1-0"]
[WhiteElo "2064"]
[BlackElo "2072"]
[PlyCount "69"]
[EventDate "2002.03.29"]
[EventType "swiss"]
[EventRounds "7"]
[EventCountry "ENG"]
[SourceTitle "EXT 2006"]
[Source "ChessBase"]
[SourceDate "2005.11.24"]
[SourceVersion "1"]
[SourceVersionDate "2005.11.24"]
[SourceQuality "1"]

1. d4 f5 2. g4 fxg4 3. e4 d6 4. Be2 Nf6 5. Nc3 g6 6. h3 gxh3 7. Nxh3 Bg7 8. Be3 Nbd7 9. Nf4 Nf8 10. Nd3 e6 11. Qd2 Qe7 12. 0-0-0 N8d7 13. Bg5 Qf7 14. e5 dxe5 15. dxe5 Nd5 16. Nxd5 exd5 17. Bg4 Nc5 18. Bxc8 Nxd3+ 19. Qxd3 Rxc8 20. Qxd5 Qxd5 21. Rxd5 h6 22. Be3 b6 23. f4 Ke7 24. Rg1 Ke6 25. c4 Kf5 26. e6+ Kxe6 27. Rxg6+ Kf7 28. Rc6 Ke7 29. Bf2 Bf6 30. f5 Bg5+ 31. Kc2 Rcf8 32. Bd4 Bf4 33. Re6+ Kf7 34. Rd7+ Kg8 35. Rg6# 1-0

[Event "Southend op"]
[Site "London"]
[Date "2002.03.31"]
[Round "5"]
[White "Coote, Trevor D"]
[Black "Wilson, Alexandra"]
[Result "1-0"]
[WhiteElo "2064"]
[BlackElo "2099"]
[PlyCount "77"]
[EventDate "2002.03.29"]
[EventType "swiss"]
[EventRounds "7"]
[EventCountry "ENG"]
[SourceTitle "EXT 2006"]
[Source "ChessBase"]
[SourceDate "2005.11.24"]
[SourceVersion "1"]
[SourceVersionDate "2005.11.24"]
[SourceQuality "1"]

1. d4 Nf6 2. Nc3 g6 3. e4 d6 4. Be2 Bg7 5. Be3 Nbd7 6. f4 e6 7. Qd2 d5 8. e5 Ng8 9. g4 Ne7 10. h4 h5 11. gxh5 Nf5 12. Bf2 gxh5 13. Nf3 Nf8 14. Bd3 Nh6 15. 0-0-0 Ng4 16. Nh2 Nxf2 17. Qxf2 f5 18. exf6 Bxf6 19. Nf3 c5 20. Qg2 cxd4 21. Nxd4 Bxd4 22. Bb5+ Bd7 23. Bxd7+ Qxd7 24. Rxd4 0-0-0 25. f5 Qf7 26. fxe6 Nxe6 27. Rxd5 Qf4+ 28. Kb1 Rdg8 29. Qe2 Qg4 30. Re5 Qxe2 31. Nxe2 Re8 32. a3 Ng7 33. Rxe8+ Rxe8 34. Nc3 Nf5 35. Rf1 Nxh4 36. Rh1 Nf3 37. Rxh5 Nd2+ 38. Ka2 Nc4 39. Rc5+ 1-0

[Event "Southend op"]
[Site "London"]
[Date "2002.03.30"]
[Round "4"]
[White "Ledger, Andrew"]
[Black "Coote, Trevor D"]
[Result "1-0"]
[WhiteElo "2399"]
[BlackElo "2064"]
[PlyCount "57"]
[EventDate "2002.03.29"]
[EventType "swiss"]
[EventRounds "7"]
[EventCountry "ENG"]
[SourceTitle "EXT 2006"]
[Source "ChessBase"]
[SourceDate "2005.11.24"]
[SourceVersion "1"]
[SourceVersionDate "2005.11.24"]
[SourceQuality "1"]

1. e4 g6 2. Nc3 Bg7 3. d4 d6 4. Bg5 c6 5. Qd2 Qa5 6. Nf3 Bg4 7. Be2 Nd7 8. 0-0 h6 9. Bh4 g5 10. Bg3 Bxf3 11. Bxf3 h5 12. h4 g4 13. Be2 c5 14. dxc5 Bxc3 15. bxc3 Qxc5 16. Rab1 b6 17. Rb5 Qc7 18. f4 Rc8 19. c4 Ngf6 20. Bd3 Nc5 21. Qe3 Nfd7 22. e5 dxe5 23. fxe5 Ne6 24. Qe4 Ndc5 25. Qf5 Rf8 26. Qxh5 Nd4 27. Rbb1 e6 28. Qxg4 Kd7 29. Qxd4+ 1-0